Àrea Metropolitana de Barcelona
Descripción Física:
27 p. : il., col., 1 map. pleg. ; 30 cm
Materias:
Àrea Metropolitana de Barcelona
MARC
| LEADER | 00000nam a2200000Ia 4500 | ||
|---|---|---|---|
| 001 | 9169 | ||
| 008 | 160829s9999 xx 000 0 cat d | ||
| 080 | |a FU-25-4 | ||
| 245 | |a Àrea Metropolitana de Barcelona | ||
| 260 | |a Barcelona : |b Mancomunitat de Municipis de l'Àrea Metropolitana de Barcelona, DL 1990 | ||
| 300 | |a 27 p. : |b il., col., 1 map. pleg. ; |c 30 cm | ||
| 650 | |a Àrea Metropolitana de Barcelona |9 2825 | ||
| 710 | 2 | |a Mancomunitat de Municipis de l'Àrea Metropolitana de Barcelona |9 6256 | |
| 901 | |a Arxiu | ||
| 942 | |n 1 | ||
| 952 | |0 0 |1 0 |4 0 |6 FU254 |7 1 |9 43910 |a Arxiu |b Arxiu |d 2016-12-01 |l 0 |o FU-25-4 |p 9169 |r 2016-12-01 00:00:00 |w 2016-12-01 |y ARXIU | ||
| 999 | |c 46490 |d 46490 | ||